The theory of Eisenstein systems /
Guardado en:
| Autor Principal: | |
|---|---|
| Otros Autores: | |
| Formato: | Libro |
| Idioma: | English |
| Publicado: |
New York :
Academic Press,
1981.
|
| Series: | Pure and applied mathematics (Academic Press) ;
99. |
| Materias: | |
| Etiquetas: |
Agregar Etiqueta
Sin Etiquetas, Sea el primero en etiquetar este registro!
|
| LEADER | 00771pam a2200241 a 4500 | ||
|---|---|---|---|
| 001 | MAT.inmabb004291 | ||
| 008 | 810611s1981####nyu###########001#0#eng## | ||
| 005 | 20150311185819.0 | ||
| 245 | 1 | 4 | |a The theory of Eisenstein systems / |c M. Scott Osborne and Garth Warner. |
| 260 | |a New York : |b Academic Press, |c 1981. | ||
| 300 | |a xiii, 385 p. ; |c 24 cm. | ||
| 490 | 1 | |a Pure and applied mathematics ; |v 99 | |
| 510 | 4 | |a MR, |c 83j:10034 | |
| 020 | |a 0125292503 | ||
| 100 | 1 | |a Osborne, M. Scott. | |
| 700 | 1 | |a Warner, Garth, |d 1940- | |
| 830 | 0 | |a Pure and applied mathematics (Academic Press) ; |v 99. | |
| 650 | 0 | |a Lie groups. | |
| 650 | 0 | |a Eisenstein series. | |
| 084 | |a 10D40 (22E46) |2 MR | ||
| 010 | |a 81010804 | ||
| 040 | |a DLC |c DLC |d DLC | ||
| 859 | |h 11 |i Os81 |p A-6522 |b BIB. MATEMATICA | ||
